<?xml version="1.0" encoding="UTF-8"?>
<record
    xmlns:xsi="http://www.w3.org/2001/XMLSchema-instance"
    xsi:schemaLocation="http://www.loc.gov/MARC21/slim http://www.loc.gov/standards/marcxml/schema/MARC21slim.xsd"
    xmlns="http://www.loc.gov/MARC21/slim">

  <leader>00665nam a2200205   4500</leader>
  <controlfield tag="005">20260401162519.0</controlfield>
  <controlfield tag="008">260330b        |||||||| |||| 00| 0 eng d</controlfield>
  <datafield tag="020" ind1=" " ind2=" ">
    <subfield code="a">978-81-312-6771-4</subfield>
  </datafield>
  <datafield tag="041" ind1=" " ind2=" ">
    <subfield code="a">English</subfield>
  </datafield>
  <datafield tag="082" ind1=" " ind2=" ">
    <subfield code="2">1st ed.2023</subfield>
    <subfield code="a">AD 714.2 BAN B12923</subfield>
  </datafield>
  <datafield tag="100" ind1=" " ind2=" ">
    <subfield code="a">Banerjee Sonali</subfield>
    <subfield code="9">217519</subfield>
  </datafield>
  <datafield tag="245" ind1=" " ind2=" ">
    <subfield code="a">Textbook of Professionalism, Professional Values and Ethics, including Bioethics</subfield>
  </datafield>
  <datafield tag="250" ind1=" " ind2=" ">
    <subfield code="a">1st ed. 2023</subfield>
  </datafield>
  <datafield tag="260" ind1=" " ind2=" ">
    <subfield code="a">New Delhi</subfield>
    <subfield code="b">Elsevier</subfield>
    <subfield code="c">2023</subfield>
  </datafield>
  <datafield tag="300" ind1=" " ind2=" ">
    <subfield code="a">xiv,222p</subfield>
    <subfield code="b">pb</subfield>
  </datafield>
  <datafield tag="365" ind1=" " ind2=" ">
    <subfield code="a">Rupaye</subfield>
    <subfield code="b">250</subfield>
    <subfield code="c">INR</subfield>
  </datafield>
  <datafield tag="500" ind1=" " ind2=" ">
    <subfield code="a">Administration and Management/Nursing Ethics</subfield>
  </datafield>
  <datafield tag="650" ind1=" " ind2=" ">
    <subfield code="a">Administration and Management/Nursing Ethics</subfield>
    <subfield code="9">217520</subfield>
  </datafield>
  <datafield tag="942" ind1=" " ind2=" ">
    <subfield code="c">BB</subfield>
  </datafield>
  <datafield tag="999" ind1=" " ind2=" ">
    <subfield code="c">370814</subfield>
    <subfield code="d">370814</subfield>
  </datafield>
  <datafield tag="952" ind1=" " ind2=" ">
    <subfield code="0">0</subfield>
    <subfield code="1">0</subfield>
    <subfield code="2">ddc</subfield>
    <subfield code="4">0</subfield>
    <subfield code="7">0</subfield>
    <subfield code="a">BTIN</subfield>
    <subfield code="b">BTIN</subfield>
    <subfield code="d">2026-03-25</subfield>
    <subfield code="e">Sai Book Collection</subfield>
    <subfield code="g">162.50</subfield>
    <subfield code="i">SB/IN/2193</subfield>
    <subfield code="l">0</subfield>
    <subfield code="o">AD 714.2 BAN B12923</subfield>
    <subfield code="p">BTIN-BK-12923</subfield>
    <subfield code="r">2026-03-30 14:21:00</subfield>
    <subfield code="t">35%</subfield>
    <subfield code="v">250.00</subfield>
    <subfield code="w">2026-03-20</subfield>
    <subfield code="y">BB</subfield>
    <subfield code="z">BTIN-BK-12923</subfield>
  </datafield>
  <datafield tag="952" ind1=" " ind2=" ">
    <subfield code="0">0</subfield>
    <subfield code="1">0</subfield>
    <subfield code="2">ddc</subfield>
    <subfield code="4">0</subfield>
    <subfield code="7">0</subfield>
    <subfield code="a">BTIN</subfield>
    <subfield code="b">BTIN</subfield>
    <subfield code="d">2026-03-25</subfield>
    <subfield code="e">Sai Book Collection</subfield>
    <subfield code="g">162.50</subfield>
    <subfield code="i">SB/IN/2193</subfield>
    <subfield code="l">0</subfield>
    <subfield code="o">AD 714.2 BAN B12924</subfield>
    <subfield code="p">BTIN-BK-12924</subfield>
    <subfield code="r">2026-03-30 14:21:00</subfield>
    <subfield code="t">35%</subfield>
    <subfield code="v">250.00</subfield>
    <subfield code="w">2026-03-20</subfield>
    <subfield code="y">BB</subfield>
    <subfield code="z">BTIN-BK-12924</subfield>
  </datafield>
  <datafield tag="952" ind1=" " ind2=" ">
    <subfield code="0">0</subfield>
    <subfield code="1">0</subfield>
    <subfield code="2">ddc</subfield>
    <subfield code="4">0</subfield>
    <subfield code="7">0</subfield>
    <subfield code="a">BTIN</subfield>
    <subfield code="b">BTIN</subfield>
    <subfield code="d">2026-03-25</subfield>
    <subfield code="e">Sai Book Collection</subfield>
    <subfield code="g">162.50</subfield>
    <subfield code="i">SB/IN/2193</subfield>
    <subfield code="l">0</subfield>
    <subfield code="o">AD 714.2 BAN B12925</subfield>
    <subfield code="p">BTIN-BK-12925</subfield>
    <subfield code="r">2026-03-30 14:21:00</subfield>
    <subfield code="t">35%</subfield>
    <subfield code="v">250.00</subfield>
    <subfield code="w">2026-03-20</subfield>
    <subfield code="y">BB</subfield>
    <subfield code="z">BTIN-BK-12925</subfield>
  </datafield>
  <datafield tag="952" ind1=" " ind2=" ">
    <subfield code="0">0</subfield>
    <subfield code="1">0</subfield>
    <subfield code="2">ddc</subfield>
    <subfield code="4">0</subfield>
    <subfield code="7">0</subfield>
    <subfield code="a">BTIN</subfield>
    <subfield code="b">BTIN</subfield>
    <subfield code="d">2026-03-25</subfield>
    <subfield code="e">Sai Book Collection</subfield>
    <subfield code="g">162.50</subfield>
    <subfield code="i">SB/IN/2193</subfield>
    <subfield code="l">0</subfield>
    <subfield code="o">AD 714.2 BAN B12926</subfield>
    <subfield code="p">BTIN-BK-12926</subfield>
    <subfield code="r">2026-03-30 14:21:00</subfield>
    <subfield code="t">35%</subfield>
    <subfield code="v">250.00</subfield>
    <subfield code="w">2026-03-20</subfield>
    <subfield code="y">BB</subfield>
    <subfield code="z">BTIN-BK-12926</subfield>
  </datafield>
  <datafield tag="952" ind1=" " ind2=" ">
    <subfield code="0">0</subfield>
    <subfield code="1">0</subfield>
    <subfield code="2">ddc</subfield>
    <subfield code="4">0</subfield>
    <subfield code="7">0</subfield>
    <subfield code="a">BTIN</subfield>
    <subfield code="b">BTIN</subfield>
    <subfield code="d">2026-03-25</subfield>
    <subfield code="e">Sai Book Collection</subfield>
    <subfield code="g">162.50</subfield>
    <subfield code="i">SB/IN/2193</subfield>
    <subfield code="l">0</subfield>
    <subfield code="o">AD 714.2 BAN B12927</subfield>
    <subfield code="p">BTIN-BK-12927</subfield>
    <subfield code="r">2026-03-30 14:21:00</subfield>
    <subfield code="t">35%</subfield>
    <subfield code="v">250.00</subfield>
    <subfield code="w">2026-03-20</subfield>
    <subfield code="y">BB</subfield>
    <subfield code="z">BTIN-BK-12927</subfield>
  </datafield>
  <datafield tag="952" ind1=" " ind2=" ">
    <subfield code="0">0</subfield>
    <subfield code="1">0</subfield>
    <subfield code="2">ddc</subfield>
    <subfield code="4">0</subfield>
    <subfield code="7">0</subfield>
    <subfield code="a">BTIN</subfield>
    <subfield code="b">BTIN</subfield>
    <subfield code="d">2026-03-25</subfield>
    <subfield code="e">Sai Book Collection</subfield>
    <subfield code="g">162.50</subfield>
    <subfield code="i">SB/IN/2193</subfield>
    <subfield code="l">0</subfield>
    <subfield code="o">AD 714.2 BAN B12928</subfield>
    <subfield code="p">BTIN-BK-12928</subfield>
    <subfield code="r">2026-03-30 14:21:00</subfield>
    <subfield code="t">35%</subfield>
    <subfield code="v">250.00</subfield>
    <subfield code="w">2026-03-20</subfield>
    <subfield code="y">BB</subfield>
    <subfield code="z">BTIN-BK-12928</subfield>
  </datafield>
  <datafield tag="952" ind1=" " ind2=" ">
    <subfield code="0">0</subfield>
    <subfield code="1">0</subfield>
    <subfield code="2">ddc</subfield>
    <subfield code="4">0</subfield>
    <subfield code="7">0</subfield>
    <subfield code="a">BTIN</subfield>
    <subfield code="b">BTIN</subfield>
    <subfield code="d">2026-03-25</subfield>
    <subfield code="e">Sai Book Collection</subfield>
    <subfield code="g">162.50</subfield>
    <subfield code="i">SB/IN/2193</subfield>
    <subfield code="l">0</subfield>
    <subfield code="o">AD 714.2 BAN B12929</subfield>
    <subfield code="p">BTIN-BK-12929</subfield>
    <subfield code="r">2026-03-30 14:21:00</subfield>
    <subfield code="t">35%</subfield>
    <subfield code="v">250.00</subfield>
    <subfield code="w">2026-03-20</subfield>
    <subfield code="y">BB</subfield>
    <subfield code="z">BTIN-BK-12929</subfield>
  </datafield>
  <datafield tag="952" ind1=" " ind2=" ">
    <subfield code="0">0</subfield>
    <subfield code="1">0</subfield>
    <subfield code="2">ddc</subfield>
    <subfield code="4">0</subfield>
    <subfield code="7">0</subfield>
    <subfield code="a">BTIN</subfield>
    <subfield code="b">BTIN</subfield>
    <subfield code="d">2026-03-25</subfield>
    <subfield code="e">Sai Book Collection</subfield>
    <subfield code="g">162.50</subfield>
    <subfield code="i">SB/IN/2193</subfield>
    <subfield code="l">0</subfield>
    <subfield code="o">AD 714.2 BAN B12930</subfield>
    <subfield code="p">BTIN-BK-12930</subfield>
    <subfield code="r">2026-03-30 14:21:00</subfield>
    <subfield code="t">35%</subfield>
    <subfield code="v">250.00</subfield>
    <subfield code="w">2026-03-20</subfield>
    <subfield code="y">BB</subfield>
    <subfield code="z">BTIN-BK-12930</subfield>
  </datafield>
  <datafield tag="952" ind1=" " ind2=" ">
    <subfield code="0">0</subfield>
    <subfield code="1">0</subfield>
    <subfield code="2">ddc</subfield>
    <subfield code="4">0</subfield>
    <subfield code="7">0</subfield>
    <subfield code="a">BTIN</subfield>
    <subfield code="b">BTIN</subfield>
    <subfield code="d">2026-03-25</subfield>
    <subfield code="e">Sai Book Collection</subfield>
    <subfield code="g">162.50</subfield>
    <subfield code="i">SB/IN/2193</subfield>
    <subfield code="l">0</subfield>
    <subfield code="o">AD 714.2 BAN B12931</subfield>
    <subfield code="p">BTIN-BK-12931</subfield>
    <subfield code="r">2026-03-30 14:21:00</subfield>
    <subfield code="t">35%</subfield>
    <subfield code="v">250.00</subfield>
    <subfield code="w">2026-03-20</subfield>
    <subfield code="y">BB</subfield>
    <subfield code="z">BTIN-BK-12931</subfield>
  </datafield>
  <datafield tag="952" ind1=" " ind2=" ">
    <subfield code="0">0</subfield>
    <subfield code="1">0</subfield>
    <subfield code="2">ddc</subfield>
    <subfield code="4">0</subfield>
    <subfield code="7">0</subfield>
    <subfield code="a">BTIN</subfield>
    <subfield code="b">BTIN</subfield>
    <subfield code="d">2026-03-25</subfield>
    <subfield code="e">Sai Book Collection</subfield>
    <subfield code="g">162.50</subfield>
    <subfield code="i">SB/IN/2193</subfield>
    <subfield code="l">0</subfield>
    <subfield code="o">AD 714.2 BAN B12932</subfield>
    <subfield code="p">BTIN-BK-12932</subfield>
    <subfield code="r">2026-03-30 14:21:00</subfield>
    <subfield code="t">35%</subfield>
    <subfield code="v">250.00</subfield>
    <subfield code="w">2026-03-20</subfield>
    <subfield code="y">BB</subfield>
    <subfield code="z">BTIN-BK-12932</subfield>
  </datafield>
</record>
